000 00574cam a2200217 4500
008 090401t1994 xxu||||| |||| 00| 0 eng d
020 _a0582234050
035 _a(Sirsi) u8320
041 _aeng
050 _a696.1
100 _aHall, F.
245 _aPlumbing : cold water supplies, drainage and sanitation.
250 _a3rd ed.
260 _aHarlow, Essex
_bLongman Scientific & Technical
_c1994
300 _axiii,169p. : ill. ; 24cm .
350 _a13.5
650 _aWATER SUPPLY
690 _aBlock management
_96220
942 _n0
948 _c04/03/1997
999 _c86503
_d86503